000 00868nam a22002777a 4500
003 CHAP
005 20220329135111.0
008 971013s r 00010 d
010 _a30927
011 _a31899
035 _a36011
040 _cCHAP
082 _a531.33
_bC68
100 0 0 _aCoulson, Charles Alfred.
_928616
245 _aOndas
_b: exposición matemática de los tipos más comunes de movimiento ondulatorio
260 _aMadrid :
_bDossat,
_c(s.a.)
300 _a174 p.
590 _aBATCH-UPD
_b10
_c20130110
_lUCH01
_h2254
590 _aBATCH-UPD
_b10
_c20130410
_lUCH01
_h1547
590 _aBATCH-UPD
_b10
_c20130914
_lUCH01
_h1832
590 _aCONVERSION
_b10
_c20130109
_lUCH01
_h1318
650 1 4 _aMovimiento ondulatorio, Teoría del.
_979159
901 _aBK
942 _cLIBRO
949 _a531.33 C68
_bBC
_cLIBRO
_d33724000411484
_eLIBRO
_i36011
_si
999 _c30927
_d30927